VILO - Cieśniny Europy - Statystyki

Ogólne statystyki
  • Ten quiz został rozwiązany 174 razy
    173 od ostatniego zresetowania
  • Średni wynik to 6 z 10
Odpowiedzi na mapie
Odpowiedzi zakodowano w zielono-czerwonej skali na mapie do tego quizu, zgodnie z poniższymi procentami.
 
Statystyki odpowiedzi
Odpowiedź % Poprawnych
Cieśnina Gibraltarska
94%
Cieśnina Kaletańska
64%
Cieśnina Sund
64%
Cieśnina Sycylijska
64%
Kattegat
64%
Cieśnina Mesyńska
63%
Wielki Bełt
61%
Skagerrak
59%
Mały Bełt
56%
Cieśnina Duńska
35%
Nie znaleziono quizów pasujących do podanych kryteriów
Rozkład punktacji
Procent ludzi z każdym wynikiem
Percentyl według liczby udzielonych odpowiedzi
Twoja historia wyników
Nie rozwiązałeś tego quizu od ostatniego zresetowania